000 nam a22 a 4500
999 _c4712
_d4712
003 AKMAL
005 20170731152459.0
008 170731s2017 my e l 000 0 may d
020 _cRM49.00
082 0 4 _a343.59508 MAL
_223
090 0 0 _a343.59508
_bMAL
110 1 _aMalaysia,
_ejurisdiction governed.
_9400
245 1 0 _aAKTA PERIHAL DAGANGAN 2011 (AKTA 730) :
_b(PINDAAN HINGGA 2011) /
_cDisusun oleh, Penasihat Undang-Undang MDC
260 _aKuala Lumpur:
_bMDC Publishers,
_c 2017.
300 _a47 pages ;
_c27 cm.
490 1 _aUNDANG-UNDANG MALAYSIA
650 1 0 _aTrade regulation
_zMalaysia
_92454
650 2 0 _aPrice regulation
_zMalaysia
_98785
650 2 0 _aTrademarks
_xLaw and legislation
_zMalaysia
_98786
830 0 _aUndang-undang Malaysia
_99034
942 _2ddc
_cBOOK
950 _lAKMAL